书目信息 |
| 书名: | Daughters and sons | |
| 作者: | by Yuan Ching. | |
| 分册号: | ||
| 分册名: | 出版地: | Peking : |
|
| 出版社: | Foreign Languages Press | |
| 出版时间: | 1979. | |
| 页数: | 282 p. : | |
| 开本: | 19 cm. | |
| 丛书名: | ||
| 中图分类号: | ||
| 科图分类号: | ||
| 其他分类号: | H319.4 | |
| 主题词: | ||
| 电子资源: | ||
| 000 | 00435nam 22000169i 450 | |
| 001 | 0200023788 | |
| 005 | 20070210100608.32 | |
| 008 | 991204m1979 u y a 000 1a | |
| 041 | @aeng | |
| 090 | @aI247.5 | |
| 090 | @aH319.4 | |
| 099 | @dH319.4@ex499=2 | |
| 100 | 1 | @aYuan@cChing. |
| 245 | 10 | @aDaughters and sons / @cby Yuan Ching. |
| 250 | @a2nd ed. | |
| 260 | 1 | @aPeking :@bForeign Languages Press,@c1979. |
| 300 | @a282 p. :@bill. ;@c19 cm. | |
| Daughters and sons / / by Yuan Ching.-2nd ed.-Peking : : Foreign Languages Press, , 1979. |
| 282 p. : : ill. ; ; 19 cm. |
| ISBN |
| ● |
| 相关链接 |
|
|
|
|
正题名:Daughters and sons
索取号:H319.4/x499=2
 
预约/预借
| 序号 | 登录号 | 条形码 | 馆藏地/架位号 | 状态 | 备注 |
| 1 | 10982 | 000445897 | 第四借阅区/ [索取号:H319.4/x499=2] | 在馆 | |
| 2 | 10983 | 000445904 | 第四借阅区/ [索取号:H319.4/x499=2] | 在馆 |